[Event "11th European Senior"]
[Site "Courmayeur ITA"]
[Date "2011.04.11"]
[Round "6.35"]
[White "Carboni, Giancarlo"]
[Black "Sevenyuk, Alexey"]
[Result "1/2-1/2"]
[WhiteElo "1827"]
[BlackElo "1932"]
[WhiteFideId "843903"]
[BlackFideId "13504606"]
[EventDate "2011.04.06"]

1. c4 Nf6 2. Nc3 g6 3. g3 Bg7 4. Bg2 e5 5. d3 O-O 6. e4 d6 7. Nge2 Nfd7 8. O-O
Nc6 9. Be3 Ne7 10. Qd2 f5 11. Nd5 c6 12. Nxe7+ Qxe7 13. Bh6 Nf6 14. Bxg7 Kxg7
15. Nc3 Nh5 16. f3 Be6 17. b4 f4 18. g4 Nf6 19. a4 g5 20. Rfd1 h5 21. h3 Kg6 22.
Kf2 Rh8 23. Rh1 Rh7 24. Ne2 Rah8 25. Rag1 hxg4 26. hxg4 Rxh1 27. Rxh1 Rxh1 28.
Bxh1 Qh7 29. Bg2 Qh2 30. Qc1 d5 31. cxd5 cxd5 32. Qc7 dxe4 33. dxe4 Bxg4 34. Ng1
Qg3+ 35. Kf1 Be6 36. Ne2 Qh2 37. Qxe5 Bh3 38. Bxh3 Qxh3+ 39. Kf2 Qh2+ 40. Kf1
Qh3+ 41. Kf2 1/2-1/2

[Event "11th European Senior"]
[Site "Courmayeur ITA"]
[Date "2011.04.11"]
[Round "6.36"]
[White "Catalfamo, Santo"]
[Black "De Polzer, Manfredi"]
[Result "1-0"]
[WhiteElo "1918"]
[BlackElo "1697"]
[WhiteFideId "866547"]
[BlackFideId "835277"]
[EventDate "2011.04.06"]

1. e4 c5 2. b3 d6 3. Bb2 Nc6 4. Bc4 e6 5. Nf3 a6 6. O-O Qc7 7. Nc3 Nf6 8. h3 Be7
9. d4 b5 10. Bd3 cxd4 11. Ne2 e5 12. Rc1 b4 13. Bc4 Be6 14. Bxe6 fxe6 15. Ng3
O-O 16. Qe2 Qd7 17. Nh2 a5 18. f4 exf4 19. Rxf4 e5 20. Rf3 Rf7 21. Rcf1 Raf8 22.
Nh5 Qe6 23. Nxf6+ Bxf6 24. Ng4 Bd8 25. Rxf7 Rxf7 26. Rxf7 Qxf7 27. Qa6 Qc7 28.
Qc4+ Kf8 29. Bc1 h6 30. Qf1+ Kg8 31. Qf5 Nb8 32. Qg6 Kf8 33. Qe6 Be7 34. Qf5+
Kg8 35. Qg6 Kh8 36. Bxh6 Bf8 37. Nf6 gxf6 38. Bxf8 Na6 39. Qxf6+ Kg8 40. Bxd6
Qa7 41. Qg6+ Qg7 42. Qe6+ Kh7 43. Bxe5 Qg6 44. Qd7+ 1-0

[Event "11th European Senior"]
[Site "Courmayeur ITA"]
[Date "2011.04.11"]
[Round "6.37"]
[White "Squarci, Franco"]
[Black "Frank, Albert"]
[Result "1/2-1/2"]
[WhiteElo "1777"]
[BlackElo "1909"]
[WhiteFideId "809110"]
[BlackFideId "200948"]
[EventDate "2011.04.06"]

1. Nf3 c5 2. e4 a6 3. Be2 Nc6 4. c3 d5 5. exd5 Qxd5 6. d3 Nf6 7. h3 g6 8. Be3
Bg7 9. Nbd2 O-O 10. Nc4 Nd7 11. O-O b5 12. Ncd2 h6 13. Ne4 f5 14. c4 bxc4 15.
Nc3 Bxc3 16. bxc3 f4 17. Bc1 cxd3 18. Bxd3 Nce5 19. Be2 Qxd1 20. Rxd1 Bb7 21.
Ba3 Bxf3 22. gxf3 Rf6 23. Rd5 Rc8 24. Kg2 Rd6 25. Rad1 Rcc6 26. R1d2 a5 27. h4
Rxd5 28. Rxd5 Rd6 29. c4 Rxd5 30. cxd5 Kf7 31. Bb5 Kf6 32. Bb2 Kf5 33. Bc3 Nb6
34. Bxa5 Nxd5 35. a4 c4 36. Bd2 c3 37. Bc1 Nc7 38. Be2 Nc6 39. Bd3+ Ke5 40. Bxg6
Nd4 41. Bd3 Nb3 42. Ba3 e6 43. Kf1 Kd4 44. Ke2 Nc5 45. Bc2 Kc4 46. h5 e5 47.
Bxc5 Kxc5 48. Kd3 Nd5 49. Bb3 Nf6 50. Kxc3 Nxh5 51. Be6 Nf6 52. Bf5 h5 53. Be6
e4 54. fxe4 Nxe4+ 55. Kd3 Nxf2+ 56. Ke2 Ne4 57. Bd7 1/2-1/2

[Event "11th European Senior"]
[Site "Courmayeur ITA"]
[Date "2011.04.11"]
[Round "6.38"]
[White "Bardin, Christian"]
[Black "Guillaumat, Jean-Pierre"]
[Result "0-1"]
[WhiteElo "1765"]
[BlackElo "1890"]
[WhiteFideId "638749"]
[BlackFideId "620823"]
[EventDate "2011.04.06"]

1. e4 c5 2. Nf3 e6 3. c3 d5 4. exd5 Qxd5 5. d4 Nf6 6. Bd3 Nc6 7. O-O c4 8. Bc2
Be7 9. Qe2 O-O 10. a4 Na5 11. Nbd2 b6 12. Ne4 Bb7 13. Nxf6+ Bxf6 14. Bf4 Rad8
15. Rfe1 h6 16. Qe4 Qxe4 17. Bxe4 Bxe4 18. Rxe4 Rd5 19. Be5 Bxe5 20. Rxe5 Rxe5
21. Nxe5 Rd8 22. Re1 f6 23. Nf3 Kf7 24. h4 Rd5 25. g3 Nb3 26. Re2 Ra5 27. Nd2
Nxd2 28. Rxd2 Rxa4 29. Kf1 Ra5 30. Ke2 Rd5 31. Kd1 e5 32. Kc2 b5 33. b4 exd4 34.
cxd4 Ke7 35. Kc3 Rd7 36. Re2+ Kd6 37. f4 Re7 38. Ra2 Re3+ 39. Kd2 Rxg3 40. Rxa7
Rg4 41. Rb7 Kc6 42. Re7 Rxf4 43. Rxg7 Rxd4+ 44. Kc3 Rxh4 0-1

[Event "11th European Senior"]
[Site "Courmayeur ITA"]
[Date "2011.04.11"]
[Round "6.39"]
[White "Quagliarella, Sabino Remo"]
[Black "Bonino, Silvano"]
[Result "1-0"]
[WhiteElo "1889"]
[BlackElo "1465"]
[WhiteFideId "822469"]
[BlackFideId "872660"]
[EventDate "2011.04.06"]

1. d4 Nf6 2. Nf3 e6 3. e3 d5 4. Be2 c5 5. O-O Nc6 6. b3 cxd4 7. exd4 Be7 8. c4
O-O 9. Nc3 a6 10. c5 b6 11. Na4 bxc5 12. dxc5 Nd7 13. Ba3 Qa5 14. Rc1 Rb8 15.
Nd4 Qc7 16. Nxc6 Qxc6 17. Re1 Re8 18. Bf3 Bb7 19. g3 Qc8 20. Qc2 Bc6 21. b4 Bd8
22. Nc3 Bf6 23. Rb1 Ne5 24. Bg2 Nc4 25. Bc1 Qd7 26. Rd1 Qe7 27. Ne2 Qd7 28. Nc3
Qe7 29. Ne4 Qd8 30. Nxf6+ Qxf6 31. Bb2 Nxb2 32. Qxb2 Qxb2 33. Rxb2 a5 34. a3
axb4 35. axb4 Rb5 36. Bf1 Rbb8 37. b5 Ba8 38. Ra2 Rbc8 39. Rda1 d4 40. c6 Bxc6
41. bxc6 Rxc6 42. Ra8 Rcc8 43. Bg2 d3 44. Kf1 d2 45. Ke2 Red8 46. Kd1 f5 47.
Rxc8 Rxc8 48. Ra8 Rxa8 49. Bxa8 Kf7 50. Kxd2 Kf6 51. Ke3 h6 52. h3 e5 53. Bf3 g6
54. Be2 g5 55. Kd2 Ke6 56. g4 f4 57. f3 Kd5 58. Kd3 Ke6 59. Ke4 1-0

[Event "11th European Senior"]
[Site "Courmayeur ITA"]
[Date "2011.04.11"]
[Round "6.41"]
[White "Gonzalo Gonzalez, Francisco"]
[Black "Giani, Franco"]
[Result "0-1"]
[WhiteElo "1740"]
[BlackElo "1960"]
[WhiteFideId "2252171"]
[BlackFideId "811238"]
[EventDate "2011.04.06"]

1. e4 c5 2. Nf3 Nc6 3. Bc4 e6 4. e5 Nge7 5. c3 Ng6 6. d4 d5 7. Bb3 c4 8. Bc2 Be7
9. O-O O-O 10. Be3 f5 11. exf6 Bxf6 12. Qd2 e5 13. dxe5 Ncxe5 14. Nxe5 Nxe5 15.
h3 b6 16. f4 Nc6 17. Na3 a6 18. Rad1 Be6 19. Qf2 b5 20. Bb1 Bf7 21. g4 Re8 22.
g5 Be7 23. Nc2 Qc8 24. Qh4 h5 25. Rf3 g6 26. Nd4 Bc5 27. Re1 Ra7 28. Kf1 Nxd4
29. cxd4 Bb4 30. Re2 c3 31. f5 cxb2 32. fxg6 Qc1+ 33. Re1 Qxe1+ 34. Qxe1 Bxe1
35. gxf7+ Rxf7 36. Rxf7 Kxf7 37. Ke2 Kg7 38. Kd3 Rc8 39. Bf4 b4 40. Be5+ Kg8 41.
a3 Rc1 0-1

[Event "11th European Senior"]
[Site "Courmayeur ITA"]
[Date "2011.04.11"]
[Round "6.42"]
[White "Pintauro, Antonello"]
[Black "Schiappacasse, Marcello"]
[Result "1-0"]
[WhiteElo "1616"]
[BlackElo "1896"]
[WhiteFideId "878685"]
[BlackFideId "808369"]
[EventDate "2011.04.06"]

1. d4 Nf6 2. c4 e6 3. a3 d5 4. Bg5 Be7 5. e3 Nbd7 6. Nc3 h6 7. Bh4 O-O 8. Bd3 c5
9. cxd5 cxd4 10. exd4 exd5 11. Nf3 Re8 12. O-O Nf8 13. Re1 a6 14. h3 Be6 15. Rc1
Rc8 16. Bb1 Ne4 17. Bxe7 Nxc3 18. Bxd8 1-0

[Event "11th European Senior"]
[Site "Courmayeur ITA"]
[Date "2011.04.11"]
[Round "6.43"]
[White "Centofante, Maria Rosa"]
[Black "Weyand, Fernand"]
[Result "0-1"]
[WhiteElo "1619"]
[BlackElo "1845"]
[WhiteFideId "834807"]
[BlackFideId "638633"]
[EventDate "2011.04.06"]

1. d4 f5 2. Nf3 Nf6 3. c4 g6 4. Nc3 Bg7 5. Bf4 O-O 6. h3 d6 7. e3 Qe8 8. Bd3 Nc6
9. O-O e5 10. dxe5 dxe5 11. Bg5 e4 12. Bxf6 Bxf6 13. Nd5 Qf7 14. Be2 exf3 15.
Bxf3 Ne5 16. Be2 c6 17. Nxf6+ Qxf6 18. f4 Nf7 19. Qc2 Re8 20. Rf3 Nd6 21. c5 Ne4
22. Rd1 Be6 23. b3 Rad8 24. Bd3 Bd5 25. Rff1 Re7 26. Rde1 Rde8 27. Rf3 Qh4 28.
Kh2 Qxe1 0-1

[Event "11th European Senior"]
[Site "Courmayeur ITA"]
[Date "2011.04.11"]
[Round "6.44"]
[White "Benito Alba, Eladio"]
[Black "Castiglioni, Nando"]
[Result "1-0"]
[WhiteElo "1775"]
[BlackElo "1651"]
[WhiteFideId "2225050"]
[BlackFideId "860174"]
[EventDate "2011.04.06"]

1. d4 g6 2. Nf3 Bg7 3. g3 c6 4. Bg2 d5 5. O-O Nh6 6. Nbd2 O-O 7. c4 b6 8. Re1
Nf5 9. cxd5 cxd5 10. Nb3 Nc6 11. e3 Re8 12. Bd2 e6 13. a4 a5 14. Rc1 Bb7 15. Bc3
Qd7 16. Nbd2 Bf8 17. e4 dxe4 18. Nxe4 Bg7 19. Ne5 Nxe5 20. dxe5 Bd5 21. Bf1 Qb7
22. Bg2 Red8 23. Qe2 Rac8 24. Nf6+ Bxf6 25. Bxd5 Rxd5 26. exf6 Nd4 27. Bxd4 Rxd4
28. Qe3 Rxc1 29. Rxc1 Qd7 30. Qxd4 1-0

[Event "11th European Senior"]
[Site "Courmayeur ITA"]
[Date "2011.04.11"]
[Round "6.45"]
[White "Renzini, Lorenzo"]
[Black "Luebbers, Doris"]
[Result "1-0"]
[WhiteElo "1747"]
[BlackElo "1602"]
[WhiteFideId "821985"]
[BlackFideId "24630080"]
[EventDate "2011.04.06"]

1. c4 c5 2. Nc3 Nf6 3. g3 e6 4. Bg2 d6 5. Nf3 Be7 6. O-O O-O 7. d4 cxd4 8. Nxd4
a6 9. b3 Qc7 10. Bb2 Nc6 11. Rc1 Bd7 12. Nf3 Rad8 13. Ba3 Bc8 14. Qc2 d5 15.
Bxe7 Nxe7 16. cxd5 exd5 17. Qb2 Qb8 18. e3 Be6 19. Nd4 Nc6 20. Nce2 Nxd4 21.
Nxd4 Rc8 22. Nxe6 fxe6 23. Bh3 Qd6 24. a3 a5 25. b4 axb4 26. Qxb4 Qd7 27. Rb1
Rb8 28. Qb6 Rfe8 29. Rfc1 Qf7 30. Rc7 Re7 31. Rxe7 Qxe7 32. Qxe6+ Qxe6 33. Bxe6+
Kf8 34. Rb5 Ke7 35. Bxd5 b6 36. Bf3 Kd6 37. a4 Kc7 38. e4 Re8 39. Rb4 Nd7 40.
Bg2 Nc5 41. f4 Re7 42. e5 Nd7 43. Rc4+ Nc5 44. Kf2 g6 45. a5 Re8 46. Rc2 Rd8 47.
a6 Kb8 48. Rb2 Ka7 49. Bf1 Ne6 50. Ke3 Rd4 51. Rd2 Rd8 52. Rxd8 Nxd8 1-0

[Event "11th European Senior"]
[Site "Courmayeur ITA"]
[Date "2011.04.11"]
[Round "6.46"]
[White "Ivanov, Michail"]
[Black "Maspero, Alfio"]
[Result "1-0"]
[WhiteElo "1935"]
[BlackElo "1417"]
[WhiteFideId "4145224"]
[BlackFideId "846058"]
[EventDate "2011.04.06"]

1. e4 e5 2. Bc4 Be7 3. Nc3 Nf6 4. d3 O-O 5. Nge2 c6 6. Ng3 d5 7. Bb3 d4 8. Nce2
Be6 9. O-O Nbd7 10. f4 Nc5 11. fxe5 Nfd7 12. Bf4 f6 13. exf6 Bxf6 14. Nh5 Bxb3
15. axb3 Ne6 16. Qd2 c5 17. Rf3 Nxf4 18. Nxf6+ Rxf6 19. Rxf4 Qe7 20. Rxf6 Qxf6
21. Qf4 Qe5 1-0

[Event "11th European Senior"]
[Site "Courmayeur ITA"]
[Date "2011.04.11"]
[Round "6.47"]
[White "Brugnolo, Paolo"]
[Black "Acunzo, Domenico"]
[Result "0-1"]
[WhiteElo "1498"]
[BlackElo "1769"]
[WhiteFideId "834408"]
[BlackFideId "825751"]
[EventDate "2011.04.06"]

1. e4 e6 2. d4 d5 3. exd5 exd5 4. Nf3 Nf6 5. Nc3 Be7 6. Bb5+ Bd7 7. Be2 O-O 8.
O-O Nc6 9. a3 a6 10. h3 Bf5 11. Bf4 h6 12. Bh2 Re8 13. Re1 Bd6 14. Bxd6 Qxd6 15.
Qd2 Ne4 16. Nxe4 dxe4 17. Nh4 Bh7 18. c3 g5 19. Nf5 Bxf5 20. Qe3 Qf4 21. d5 Qxe3
22. fxe3 Ne5 23. Red1 Nd3 24. g4 Bg6 25. c4 f5 26. Rf1 fxg4 27. Bxg4 Rf8 28.
Be6+ Kg7 29. Rfd1 Rf3 0-1

[Event "11th European Senior"]
[Site "Courmayeur ITA"]
[Date "2011.04.11"]
[Round "6.48"]
[White "Lisandri, Luigi"]
[Black "Maestri, Roberto"]
[Result "0-1"]
[WhiteElo "1448"]
[BlackElo "1766"]
[WhiteFideId "820377"]
[BlackFideId "871354"]
[EventDate "2011.04.06"]

1. d4 Nf6 2. c4 e5 3. dxe5 Ne4 4. Be3 Bb4+ 5. Nd2 O-O 6. a3 Nxd2 7. Bxd2 Bxd2+
8. Qxd2 Nc6 9. Nf3 Qe7 10. Qc3 Re8 11. e3 Nxe5 12. Nxe5 Qxe5 13. Qxe5 Rxe5 14.
Be2 d6 15. O-O Bf5 16. Bf3 Bd3 17. Rfc1 Rb8 18. Rc3 Bg6 19. Rd1 b6 20. Bd5 Be4
21. Rd4 Bxd5 22. cxd5 Rc8 23. f4 Re7 24. Kf2 f5 25. Kf3 h5 26. h4 a5 27. a4 Kf7
28. Rdc4 Ke8 29. e4 g6 30. Re3 Kd7 31. Rcc3 fxe4+ 32. Rxe4 Rxe4 33. Kxe4 Re8+
34. Kf3 Re1 35. Rd3 c6 36. dxc6+ Kxc6 37. b3 d5 38. Rc3+ Kd6 39. Rc2 Rf1+ 40.
Kg3 Re1 41. Kf2 Re4 42. g3 Rb4 43. Rc3 d4 44. Rd3 Kc5 45. Kf3 Kd5 46. Kf2 Ke4
47. Ke2 b5 48. axb5 Rxb5 49. Rf3 Rc5 50. Rd3 Rc2+ 51. Rd2 d3+ 52. Kd1 Rxd2+ 53.
Kxd2 Kd4 54. f5 gxf5 0-1

[Event "11th European Senior"]
[Site "Courmayeur ITA"]
[Date "2011.04.11"]
[Round "6.50"]
[White "Cesati Cassin, Giorgio"]
[Black "Breidenbach, Heinz"]
[Result "1/2-1/2"]
[WhiteElo "1595"]
[BlackElo "1548"]
[WhiteFideId "845990"]
[BlackFideId "842672"]
[EventDate "2011.04.06"]

1. e4 d5 2. exd5 Qxd5 3. Nc3 Qa5 4. d4 Nf6 5. Nf3 Bf5 6. Bc4 e6 7. Bd2 c6 8. a3
Qc7 9. O-O Bd6 10. Ne5 O-O 11. Re1 Nbd7 12. Bb3 Nxe5 13. dxe5 Bxe5 14. g3 1/2-1/2

[Event "11th European Senior"]
[Site "Courmayeur ITA"]
[Date "2011.04.12"]
[Round "7.1"]
[White "Tseitlin, Mark D"]
[Black "Cebalo, Miso"]
[Result "1/2-1/2"]
[WhiteTitle "GM"]
[BlackTitle "GM"]
[WhiteElo "2420"]
[BlackElo "2486"]
[WhiteFideId "2800128"]
[BlackFideId "14500094"]
[EventDate "2011.04.06"]

1. e4 c5 2. Nf3 g6 3. d4 cxd4 4. Qxd4 Nf6 5. e5 Nc6 6. Qa4 Nd5 7. Qe4 Ndb4 8.
Bb5 a6 9. Bxc6 Nxc6 10. Nc3 Bg7 11. O-O O-O 12. Re1 d6 13. exd6 Qxd6 14. Qh4 Bf5
15. Bh6 Rad8 16. Rad1 Qb4 17. Qxb4 Nxb4 18. Bxg7 Kxg7 19. Rxe7 b5 20. Nd4 Bxc2
21. Rd2 Rxd4 22. Rxd4 Nc6 23. Red7 Re8 24. f3 Bf5 25. Kf2 Nxd4 1/2-1/2

[Event "11th European Senior"]
[Site "Courmayeur ITA"]
[Date "2011.04.12"]
[Round "7.2"]
[White "Suba, Mihai"]
[Black "Okhotnik, Vladimir"]
[Result "1-0"]
[WhiteTitle "GM"]
[BlackTitle "IM"]
[WhiteElo "2465"]
[BlackElo "2458"]
[WhiteFideId "1203363"]
[BlackFideId "14101289"]
[EventDate "2011.04.06"]

1. Nf3 c5 2. c4 Nf6 3. Nc3 Nc6 4. d4 cxd4 5. Nxd4 g6 6. Nc2 Bg7 7. e4 d6 8. Be2
O-O 9. O-O Nd7 10. Re1 Nc5 11. Bf1 Re8 12. Bg5 Qa5 13. Bd2 Qd8 14. b4 Ne6 15.
Rb1 a5 16. a3 axb4 17. axb4 Ned4 18. b5 Nb8 19. Nxd4 Bxd4 20. Nd5 Bg7 21. Bg5 h6
22. Be3 Nd7 23. Qd2 e6 24. Nb4 Qh4 25. Bf4 Bc3 26. Qxd6 Bxe1 27. Rxe1 Qf6 28.
Qd2 Ra4 29. Bd6 g5 30. e5 Qd8 31. h4 Nf8 32. hxg5 hxg5 33. c5 Ng6 34. b6 Bd7 35.
Rb1 g4 36. c6 Rxb4 37. Rxb4 Bxc6 38. Rxg4 Kg7 39. Bd3 Rh8 40. Bxg6 fxg6 41. Qf4
Rh6 42. Rg3 Rh8 43. Rc3 Rh4 44. Qf6+ Qxf6 45. exf6+ Kxf6 46. Rxc6 Rd4 47. Bc7
Rd1+ 48. Kh2 bxc6 49. b7 Rb1 50. b8=Q Rxb8 51. Bxb8 c5 52. Kg3 1-0

[Event "11th European Senior"]
[Site "Courmayeur ITA"]
[Date "2011.04.12"]
[Round "7.3"]
[White "Butnorius, Algimantas"]
[Black "Kupreichik, Viktor D"]
[Result "1/2-1/2"]
[WhiteTitle "GM"]
[BlackTitle "GM"]
[WhiteElo "2388"]
[BlackElo "2431"]
[WhiteFideId "12800066"]
[BlackFideId "13500066"]
[EventDate "2011.04.06"]

1. d4 d5 2. Nf3 c6 3. c4 dxc4 4. e3 Be6 5. Nc3 b5 6. a4 b4 7. Ne4 Nf6 8. Ned2 c3
9. bxc3 bxc3 10. Nc4 g6 11. Bd3 Bg7 12. Ba3 O-O 13. O-O Nbd7 14. Rc1 c5 15. Rxc3
Rc8 16. Rc1 1/2-1/2

[Event "11th European Senior"]
[Site "Courmayeur ITA"]
[Date "2011.04.12"]
[Round "7.4"]
[White "Plachetka, Jan"]
[Black "Timoscenko, Gennadij"]
[Result "0-1"]
[WhiteTitle "GM"]
[BlackTitle "GM"]
[WhiteElo "2355"]
[BlackElo "2502"]
[WhiteFideId "14900068"]
[BlackFideId "14901536"]
[EventDate "2011.04.06"]

1. c4 e5 2. Nc3 Nf6 3. g3 d5 4. cxd5 Nxd5 5. Bg2 Nb6 6. Nf3 Nc6 7. O-O Be7 8. d3
O-O 9. a3 Be6 10. b4 a5 11. b5 Nd4 12. Rb1 Nd5 13. Nxd5 Bxd5 14. Nxe5 Bxg2 15.
Kxg2 Qd5+ 16. Nf3 Nxf3 17. exf3 Rfd8 18. Re1 Bf8 19. a4 Qxd3 20. Bf4 c5 21. bxc6
bxc6 22. Qxd3 Rxd3 23. Rec1 Rd4 24. Ra1 Rc8 25. Be3 Rd5 26. Rc4 Bb4 27. Rac1 c5
28. f4 f5 29. h3 Kf7 30. Kf3 Ke6 31. Ke2 Kd6 32. R1c2 Re8 33. Rc1 Re6 34. Kf3
Rh6 35. Kg2 Kc6 36. g4 Re6 37. Kf3 Kd6 38. R1c2 g6 39. Kg2 Re8 40. Rc1 Rc8 41.
Kf3 Rd3 42. Ke2 Ra3 43. Rd1+ Ke6 44. Rc2 Rxa4 45. Rdc1 Kd5 46. Rd1+ Kc6 47. Rdc1
Kb5 48. Rd1 Rc7 49. Rd5 Ra1 50. gxf5 gxf5 51. Rxf5 Ka4 52. Kf3 c4 53. Bd4 c3 54.
Re5 Kb3 55. Ree2 Rd7 56. Ke4 Rd1 57. Be3 R1d2 58. Rxc3+ Bxc3 0-1

[Event "11th European Senior"]
[Site "Courmayeur ITA"]
[Date "2011.04.12"]
[Round "7.5"]
[White "Chernikov, Oleg L"]
[Black "Mishuchkov, Nikolai M."]
[Result "1/2-1/2"]
[WhiteTitle "GM"]
[BlackTitle "FM"]
[WhiteElo "2438"]
[BlackElo "2408"]
[WhiteFideId "4103289"]
[BlackFideId "4102401"]
[EventDate "2011.04.06"]

1. c4 Nf6 2. d4 e6 3. Nf3 Bb4+ 4. Bd2 Bxd2+ 5. Qxd2 d5 6. Nc3 O-O 7. e3 Qe7 8.
cxd5 exd5 9. Bd3 c6 10. O-O Nbd7 1/2-1/2

[Event "11th European Senior"]
[Site "Courmayeur ITA"]
[Date "2011.04.12"]
[Round "7.7"]
[White "Vikulov, Alexander"]
[Black "Jackson, Oliver A"]
[Result "1-0"]
[WhiteTitle "FM"]
[WhiteElo "2316"]
[BlackElo "2186"]
[WhiteFideId "4121937"]
[BlackFideId "403156"]
[EventDate "2011.04.06"]

1. Nf3 d6 2. d4 Bg4 3. e4 Nd7 4. c4 e5 5. Be2 Ngf6 6. Nc3 g6 7. O-O Bg7 8. dxe5
dxe5 9. h3 Bxf3 10. Bxf3 Nc5 11. Be3 Qxd1 12. Raxd1 Ne6 13. Nd5 c6 14. Nxf6+
Bxf6 15. Bg4 Ke7 16. Rd3 Rhd8 17. Rxd8 Rxd8 18. Bxe6 Kxe6 19. Bxa7 Ra8 20. Bc5
Rxa2 21. Rb1 Be7 22. Be3 f5 23. f3 b5 24. cxb5 cxb5 25. exf5+ gxf5 26. g4 e4 27.
Bd4 fxg4 28. fxg4 Bf6 29. Bxf6 Kxf6 30. Kf2 Ke5 31. Ke3 Ra4 32. Rf1 Rb4 33. Rf5+
Ke6 34. Rh5 Rxb2 35. Kxe4 b4 36. Rh6+ Kf7 37. Rxh7+ Kg6 38. Rh5 Rh2 39. Kf3 b3
40. Kg3 Rc2 41. Rb5 Rb2 42. Rb6+ Kg7 43. Kh4 Rb1 44. Kh5 b2 45. h4 Kf7 46. Rb7+
Kf8 47. g5 Ke8 48. g6 Kf8 49. Kh6 Ke8 50. h5 Kf8 51. g7+ 1-0

[Event "11th European Senior"]
[Site "Courmayeur ITA"]
[Date "2011.04.12"]
[Round "7.8"]
[White "Van Oosten, Arend"]
[Black "Rooze, Jan"]
[Result "0-1"]
[BlackTitle "FM"]
[WhiteElo "2170"]
[BlackElo "2315"]
[WhiteFideId "1006053"]
[BlackFideId "200050"]
[EventDate "2011.04.06"]

1. e4 c5 2. Nc3 a6 3. g3 b5 4. Bg2 Bb7 5. d3 e6 6. Nge2 Nf6 7. O-O Qc7 8. f4 d6
9. h3 Nc6 10. Be3 Be7 11. Qd2 Rd8 12. Bf2 O-O 13. g4 h6 14. Ng3 Qa5 15. Qd1 Nh7
16. Kh2 Rfe8 17. Be3 Qc7 18. Qd2 Bf6 19. Rae1 Bd4 20. Nd1 Nf8 21. c3 Bf6 22. Bf2
Bh4 23. Nh5 Be7 24. Kh1 d5 25. exd5 exd5 26. Bg3 d4 27. Nf2 dxc3 28. bxc3 Na5
29. Ne4 Qd7 30. Rd1 Nh7 31. f5 Bf8 32. Bf4 c4 33. Bxh6 cxd3 34. Nef6+ gxf6 35.
Bxf8 Bxg2+ 36. Kg1 Qa7+ 37. Kh2 Qb8+ 38. Kg1 Qb6+ 39. Kh2 Bxf1 40. Nxf6+ Qxf6 0-1

[Event "11th European Senior"]
[Site "Courmayeur ITA"]
[Date "2011.04.12"]
[Round "7.9"]
[White "Barlocco, Carlo"]
[Black "Gruzmann, Boris"]
[Result "0-1"]
[WhiteTitle "FM"]
[BlackTitle "FM"]
[WhiteElo "2162"]
[BlackElo "2281"]
[WhiteFideId "802450"]
[BlackFideId "4105290"]
[EventDate "2011.04.06"]

1. e4 e5 2. Nc3 Nc6 3. g3 Bc5 4. Bg2 d6 5. Nf3 Nge7 6. d3 O-O 7. O-O f5 8. Nd5
Nxd5 9. exd5 Nd4 10. Nxd4 Bxd4 11. c3 Bb6 12. a4 a5 13. Be3 Bxe3 14. fxe3 Qg5
15. Qd2 Bd7 16. d4 Rae8 17. dxe5 Rxe5 18. Rf4 Qe7 19. Re1 g5 20. Rc4 f4 21. gxf4
gxf4 22. Rf1 fxe3 23. Rxf8+ Qxf8 24. Qe2 c5 25. dxc6 bxc6 26. Re4 Rxe4 27. Bxe4
d5 28. Bd3 Qe7 29. Qg2+ Kh8 30. Kf1 c5 31. Ke2 Qe5 32. Qg3 Qxg3 33. hxg3 d4 34.
Bb5 Bg4+ 35. Kd3 Kg7 36. cxd4 cxd4 37. Kxd4 e2 38. Bxe2 Bxe2 39. Kc5 Kf6 40. Kb6
Kg5 41. Kxa5 Kg4 42. b4 Kxg3 43. b5 h5 44. b6 Bf3 45. Kb5 h4 46. a5 Be2+ 47. Kc6
h3 48. Kc7 Ba6 0-1

[Event "11th European Senior"]
[Site "Courmayeur ITA"]
[Date "2011.04.12"]
[Round "7.10"]
[White "Strutinskaya, Galina N"]
[Black "Sinelnikov, Igor"]
[Result "1-0"]
[WhiteTitle "WIM"]
[WhiteElo "2269"]
[BlackElo "2190"]
[WhiteFideId "4108558"]
[BlackFideId "4145356"]
[EventDate "2011.04.06"]

1. d4 d6 2. e4 Nf6 3. Nc3 g6 4. Be3 Bg7 5. Qd2 Nc6 6. d5 Ne5 7. h3 c6 8. dxc6
bxc6 9. Be2 Be6 10. b3 Qa5 11. Rd1 O-O 12. Nf3 Nxf3+ 13. Bxf3 Nd7 14. Na4 Qxd2+
15. Bxd2 Ne5 16. Be2 c5 17. O-O f5 18. Bg5 Rf7 19. exf5 gxf5 20. f4 Ng6 21. Bh5
Re8 22. Rfe1 Bd7 23. Nxc5 dxc5 24. Rxd7 e5 25. Rxf7 Kxf7 26. fxe5 Bxe5 27. Kf1
a6 28. Re3 Re6 29. Rd3 Rd6 30. Be2 a5 31. Bd8 a4 32. bxa4 Bd4 33. Bc7 Rc6 34.
Bg3 f4 35. Rf3 Rf6 36. Bf2 Ke6 37. Rb3 Ke5 38. a5 Bxf2 39. Kxf2 Kd4 40. a6 c4
41. Ra3 1-0

[Event "11th European Senior"]
[Site "Courmayeur ITA"]
[Date "2011.04.12"]
[Round "7.11"]
[White "Bondick, Karl-Heinz"]
[Black "Lederman, Leon"]
[Result "0-1"]
[BlackTitle "IM"]
[WhiteElo "2155"]
[BlackElo "2266"]
[WhiteFideId "4692071"]
[BlackFideId "2800403"]
[EventDate "2011.04.06"]

1. d4 Nf6 2. c4 e6 3. Bg5 h6 4. Bxf6 Qxf6 5. Nf3 Bb4+ 6. Nbd2 c5 7. e3 Nc6 8. a3
Ba5 9. Be2 cxd4 10. b4 Bc7 11. b5 dxe3 12. fxe3 Ne5 13. O-O Nxf3+ 14. Rxf3 Qe5
15. Nf1 b6 16. Qd4 Bb7 17. Rf2 O-O 18. Rd1 Qxd4 19. exd4 a6 20. a4 axb5 21. axb5
Ra3 22. Rc1 Rfa8 23. Nd2 Ra1 24. Rff1 Rxc1 25. Rxc1 Bf4 26. Bd3 0-1

[Event "11th European Senior"]
[Site "Courmayeur ITA"]
[Date "2011.04.12"]
[Round "7.13"]
[White "Rosino, Antonio"]
[Black "Norman, Kenneth I"]
[Result "1/2-1/2"]
[WhiteTitle "FM"]
[BlackTitle "CM"]
[WhiteElo "2233"]
[BlackElo "2172"]
[WhiteFideId "800376"]
[BlackFideId "402419"]
[EventDate "2011.04.06"]

1. e4 e6 2. d4 d5 3. Nc3 Bb4 4. e5 Ne7 5. Qg4 c5 6. a3 Bxc3+ 7. bxc3 O-O 8. Bd3
f5 9. exf6 Rxf6 10. Bg5 Rf7 11. Qh5 g6 12. Qh4 Nbc6 13. Nf3 c4 14. Be2 Qa5 15.
Bd2 Nf5 16. Qg5 Nd6 17. O-O Bd7 18. Ne5 Ne4 19. Qe3 Nxe5 20. dxe5 Ba4 21. Bg4
Re8 22. f3 Nc5 23. Ra2 Nd7 24. Qe1 Qc7 25. f4 Nc5 26. Be3 b6 27. g3 Bd7 28. Qe2
Na4 29. Bd4 Ref8 30. Raa1 Qd8 31. h4 Qe7 32. Bh3 Rg7 33. Qe3 h5 34. Rfe1 Kh7 35.
Qc1 Rgf7 36. Rf1 Kg8 37. Qe3 Rh7 38. Qd2 Rhf7 39. Kh2 Rh7 40. Qe3 Rhf7 1/2-1/2